| 000 | 00955nam a2200277 a 4500 | ||
|---|---|---|---|
| 001 | 000006878 | ||
| 003 | DO-SdBNP | ||
| 005 | 20240304185510.0 | ||
| 007 | ta | ||
| 008 | 090903s1978 dr 001 0 spa d | ||
| 040 |
_aDO-SdBNP _bspa _cBNPHU |
||
| 082 | 4 |
_a346.07 _bF363l, 1978 _222 |
|
| 100 | 1 |
_aFernández Molina, Generoso _919087 |
|
| 245 | 1 | 0 |
_aLegislación mercantil y aduanera / _cGeneroso Fernández Molina ; prólogo José A. Silié Gatón. |
| 250 | _a5ª ed. | ||
| 260 |
_aSanto Domingo : _b[s.n.], _c1978. |
||
| 300 |
_a171 p. ; _c22 cm. |
||
| 590 | _aInventariado, 2018/LP | ||
| 650 | 4 |
_aDerecho comercial _xLegislación _zRepública Dominicana _910077 |
|
| 650 | 4 |
_aDerecho de seguros _916505 |
|
| 650 | 4 |
_aLegislación aduanera _919088 |
|
| 650 | 4 |
_aAranceles de aduanas _zRepública Dominicana _919089 |
|
| 700 | 1 |
_a Silié Gatón, José A., _d1920-2014 _eprólogo _9747 |
|
| 910 | _aValidado. Control de calidad EMS | ||
| 942 |
_2ddc _cLBS1 |
||
| 999 |
_c6666 _d6666 |
||